Rubber compounding ingredients- Carbon black (pelletized)- Determination of fines content (Record no. 74028)

MARC details
000 -LEADER
fixed length control field 00423nam a2200121Ia 4500
245 #0 - TITLE STATEMENT
Title Rubber compounding ingredients- Carbon black (pelletized)- Determination of fines content
260 ## - PUBLICATION, DISTRIBUTION, ETC. (IMPRINT)
Place of publication New Delhi
260 ## - PUBLICATION, DISTRIBUTION, ETC. (IMPRINT)
Year of publication 1996
Name of publisher International Organization for Standardization
500 ## - GENERAL NOTE
General note Standard number: ISO 1435. Ed 4
650 ## - SUBJECT ADDED ENTRY--TOPICAL TERM
Topical Term Rubber compounding ingredients
942 ## - ADDED ENTRY ELEMENTS (KOHA)
Koha item type Standards
Holdings
Withdrawn status Lost status Damaged status Not for loan Home library Current library Date acquired Koha item type
      Standards RRII Library RRII Library 31/12/2021 Standards